| 000 | 00580nam a22001817a 4500 | ||
|---|---|---|---|
| 003 | LK-CoDNM | ||
| 005 | 20250219120525.0 | ||
| 008 | 250219b |||||||| |||| 00| 0 eng d | ||
| 040 |
_aLK-CoDNM _dLK-CoDNM _eLK-CoDNM |
||
| 041 | _asin | ||
| 080 |
_aRC _b341 |
||
| 100 | _aජයසූරිය, ඇම්.ඊ.පී | ||
| 245 | _aවී කුරුලු සන්දේශය | ||
| 260 |
_aකොළඹ _bඩබ්ලිව් . ඊ. බැස්ටියන් මුද්රණාලය _c1914 |
||
| 300 | _a30p;18 cm | ||
| 650 | _aසන්දේශය | ||
| 942 | _cBK | ||
| 999 |
_c238207 _d238207 |
||